Data Structure algorithms and Object oriented Programming (Record no. 216)

MARC details
000 -LEADER
Fixed length control field 00506nam a2200181 4500
003 - CONTROL NUMBER IDENTIFIER
Control field SEACOMEC
005 - DATE AND TIME OF LATEST TRANSACTION
Control field 20231013084410.0
008 - FIXED-LENGTH DATA ELEMENTS--GENERAL INFORMATION
Fixed length control field 231013b |||||||| |||| 00| 0 eng d
022 ## - INTERNATIONAL STANDARD SERIAL NUMBER / ISSN
Price 260.00
040 ## - CATALOGING SOURCE
Original cataloging agency SEACOMEC
082 ## - DEWEY DECIMAL CLASSIFICATION NUMBER
Classification number 005.73
Book Number HEI
100 1# - MAIN ENTRY--PERSONAL NAME
Personal name Heiliman, Gregong L.
245 1# - TITLE STATEMENT
Title Data Structure algorithms and Object oriented Programming
Statement of responsibility Gregong L.Heiliman
260 ## - IMPRINT
Place of publication New Delhi
Name of publisher Tata McGraw-Hill
Date of publication 2005
650 ## - SUBJECT ADDED ENTRY--TOPICAL TERM
Topical term Computer science
650 ## - SUBJECT ADDED ENTRY--TOPICAL TERM
Topical term Data in computer systems
942 ## - ADDED ENTRY ELEMENTS (KOHA)
Koha item type Books
Holdings
Withdrawn status Lost status Source of classification Damaged status Not for loan Home library Current library Date acquired Total Checkouts Call number Accession number Date last seen Price effective from Koha item type
    Dewey Decimal Classification     SEACOM ENGINEERING COLLEGE SEACOM ENGINEERING COLLEGE 01/06/2006   005.73 HEI 00139 13/10/2023 13/10/2023 Books
    Dewey Decimal Classification     SEACOM ENGINEERING COLLEGE SEACOM ENGINEERING COLLEGE 01/06/2006   005.73 HEI 00140 13/10/2023 13/10/2023 Books
    Dewey Decimal Classification     SEACOM ENGINEERING COLLEGE SEACOM ENGINEERING COLLEGE 01/06/2006   005.73 HEI 00141 13/10/2023 13/10/2023 Books
    Dewey Decimal Classification     SEACOM ENGINEERING COLLEGE SEACOM ENGINEERING COLLEGE 01/06/2006   005.73 HEI 00142 13/10/2023 13/10/2023 Books
    Dewey Decimal Classification     SEACOM ENGINEERING COLLEGE SEACOM ENGINEERING COLLEGE 01/06/2006   005.73 HEI 00143 13/10/2023 13/10/2023 Books
    Dewey Decimal Classification     SEACOM ENGINEERING COLLEGE SEACOM ENGINEERING COLLEGE 01/06/2006   005.73 HEI 00144 13/10/2023 13/10/2023 Books
© Seacom Engineering College, All rights reserved.      Powered by Koha